|
|
|
|
| LEADER |
00900nam a2200193 a 4500 |
| 008 |
100608s2004 bg 00 0 ben d |
| 999 |
|
|
|c 8862
|d 8862
|
| 020 |
|
|
|a 9844104025
|
| 040 |
|
|
|a BD-DhAAL
|c BD-DhAAL
|d BD-DhAAL
|
| 082 |
0 |
0 |
|a 302.23/095492
|2 22
|
| 100 |
1 |
0 |
|a জাহাঙ্গীর,মুহম্মদ.
|9 29137
|
| 245 |
1 |
0 |
|a মিডিয়া ভাবনা /
|c মুহম্মদ জাহাঙ্গীর
|
| 260 |
|
|
|a ঢাকা :
|b মাওলা ব্রাদার্স,
|c ২০০৪
|
| 300 |
|
|
|a ১৫১ পৃষ্ঠা ;
|c ২২ সে.মি.
|
| 541 |
1 |
|
|e 00020043
|
| 650 |
|
0 |
|a Mass Media Policy
|x Bangladesh
|9 29138
|
| 852 |
4 |
|
|a Ayesha Abed Library
|j General stacks
|
| 942 |
|
|
|2 ddc
|c BK
|
| 952 |
|
|
|0 0
|1 0
|2 ddc
|4 0
|6 302_230000000000000_095492_JAH_2004
|7 0
|9 10791
|a BRACUL
|b BRACUL
|c GEN
|d 2010-06-09
|l 1
|m 2
|o 302.23095492 JAH
|p 3010020043
|r 2016-06-06
|s 2016-05-22
|t 1
|w 2010-06-09
|y BK
|